[Event "XIII C.to Italiano U20"]
[Site "Bratto - Castione della Presolana ITA"]
[Date "2005.08.21"]
[Round "2"]
[White "Oblak, Mitja"]
[Black "Romano, Zeno"]
[Result "1-0"]
[WhiteElo "1688"]
[BlackElo "1860"]
[PlyCount "109"]
[EventDate "2005.08.20"]

1.d4 d5 2.c4 e6 3.Nc3 Nf6 4.Bg5 Be7 5.Nf3 O-O 6.e3 b6 7.cxd5 Nxd5 8.Nxd5 
exd5 9.Bxe7 Qxe7 10.Qc2 Be6 11.Bd3 g6 12.O-O c5 13.dxc5 bxc5 14.b3 Nd7 15.
Rac1 Rac8 16.Qb2 Nb6 17.Qa3 Rc7 18.Rc2 c4 19.Qxe7 Rxe7 20.bxc4 dxc4 21.Be2
Bf5 22.Rc3 Rd7 23.Nd4 Be4 24.Rfc1 Rc8 25.Bxc4 Nxc4 26.Rxc4 Rxc4 27.Rxc4 
Rb7 28.Rc1 Rb2 29.Ra1 Bd5 30.a3 Kg7 31.h3 Kf6 32.Rc1 Ra2 33.Rc3 Ke5 34.Nc2
Be4 35.Nb4 Ra1+ 36.Kh2 a5 37.Rc5+ Kd6 38.Rxa5 Rd1 39.Na2 Rd2 40.Nc3 Bc6 
41.Kg3 f5 42.Nb5+ Ke7 43.Na7 Bd7 44.a4 Ra2 45.Nb5 Bxb5 46.Rxb5 Rxa4 47.
Rb7+ Kf6 48.Rxh7 Re4 49.Ra7 Rb4 50.Kf3 Ke6 51.Ra6+ Kf7 52.Rd6 Ra4 53.Rd4 
Ra3 54.g4 fxg4+ 55.hxg4 1-0

[Event "XIII C.to Italiano U20"]
[Site "Bratto - Castione della Presolana ITA"]
[Date "2005.08.21"]
[Round "2"]
[White "Parodi, Alessandro"]
[Black "Hellweger, Stefan"]
[Result "1-0"]
[WhiteElo "1923"]
[BlackElo "1685"]
[PlyCount "149"]
[EventDate "2005.08.20"]

1.d4 d5 2.c4 c6 3.Nc3 dxc4 4.e4 Nd7 5.Bxc4 Nb6 6.Bb3 e5 7.Qh5 Qc7 8.Qxe5+ 
Qxe5 9.dxe5 Bb4 10.Bd2 Nd7 11.e6 fxe6 12.Bxe6 Nc5 13.Bxc8 Rxc8 14.a3 Nb3 
15.Rd1 Nxd2 16.Rxd2 Ba5 17.Nge2 Ne7 18.O-O O-O 19.Rd7 Rc7 20.Rfd1 Ng6 21.
Rxc7 Bxc7 22.Nd4 Bb6 23.Na4 Rd8 24.Nxb6 axb6 25.Rd2 Ne5 26.Nb3 Rxd2 27.
Nxd2 Kf7 28.Kf1 Ke6 29.Ke2 c5 30.f4 Nc6 31.Kd3 b5 32.b3 g6 33.g4 b4 34.
axb4 Nxb4+ 35.Kc4 Nc2 36.Kxc5 Ne3 37.f5+ Kf6 38.h3 h5 39.fxg6 hxg4 40.hxg4
Nxg4 41.Kb6 Kxg6 42.Kxb7 Kf6 43.Nc4 Ke6 44.Kc6 Nf2 45.b4 Nxe4 46.b5 Nf6 
47.b6 Nd7 48.b7 Nb8+ 49.Kc7 Na6+ 50.Kc8 Kd5 51.Nb6+ Kd6 52.Na8 Kc6 53.Nc7 
Nxc7 54.b8=Q Nd5 55.Qb7+ Kd6 56.Qd7+ Kc5 57.Kb7 Nb4 58.Qe6 Nd5 59.Qc6+ Kd4
60.Qd6 Kc4 61.Kc6 Nb4+ 62.Kd7 Nd3 63.Qc6+ Kd4 64.Kd6 Nf4 65.Qc5+ Ke4 66.
Qe5+ Kf3 67.Qd4 Ne2 68.Qd3+ Kf2 69.Ke5 Ng3 70.Kf4 Ne2+ 71.Kg4 Ng1 72.Qg3+ 
Kf1 73.Qh2 Ne2 74.Kf3 Nd4+ 75.Ke3 1-0

[Event "XIII C.to Italiano U20"]
[Site "Bratto - Castione della Presolana ITA"]
[Date "2005.08.21"]
[Round "2"]
[White "Perico', Alessandro"]
[Black "Frilli, Guido"]
[Result "0-1"]
[WhiteElo "1736"]
[BlackElo "2120"]
[PlyCount "62"]
[EventDate "2005.08.20"]

1.d4 d5 2.Nf3 c6 3.e3 Bg4 4.Bd3 e6 5.O-O f5 6.c4 Bd6 7.Nbd2 Nf6 8.h3 Bh5 
9.Qc2 Nbd7 10.b3 Ne4 11.Bb2 O-O 12.Ne5 Nxe5 13.dxe5 Bb4 14.Nxe4 fxe4 15.
Be2 Bxe2 16.Qxe2 Qg5 17.Kh2 Rf5 18.f4 exf3 19.gxf3 Raf8 20.f4 Qh6 21.Rf3 
Bc5 22.Raf1 Kh8 23.Bc1 g5 24.cxd5 cxd5 25.Qc2 b6 26.b4 Bxb4 27.fxg5 Rxf3 
28.gxh6 Rxf1 29.Qc6 Be1 30.Qd6 R8f2+ 31.Kg3 Rg1+ 0-1

[Event "XIII C.to Italiano U20"]
[Site "Bratto - Castione della Presolana ITA"]
[Date "2005.08.21"]
[Round "2"]
[White "Piccirillo, Edoardo"]
[Black "Buono, Valerio"]
[Result "0-1"]
[WhiteElo "1653"]
[BlackElo "1977"]
[PlyCount "90"]
[EventDate "2005.08.20"]

1.d4 d5 2.c4 e6 3.Nc3 Nf6 4.cxd5 exd5 5.Bg5 Be7 6.Qc2 O-O 7.e3 c6 8.Bd3 
Nbd7 9.Nge2 h6 10.h4 Re8 11.O-O-O Ng4 12.Bxe7 Qxe7 13.Ng3 Nxe3 14.Nf5 Nxc2
15.Nxe7+ Rxe7 16.Kxc2 Nf6 17.f3 Nh5 18.Ne2 Bf5 19.Nc1 Bxd3+ 20.Nxd3 Re2+ 
21.Rd2 Ng3 22.Rh3 Rxd2+ 23.Kxd2 Nf5 24.Kc3 Nd6 25.Ne5 f6 26.Ng6 Kf7 27.Nf4
Re8 28.Kd3 Nb5 29.Rh1 Nc7 30.g3 Ne6 31.Ne2 Ke7 32.Nc3 Kd6 33.a3 b5 34.Rh2 
Nf8 35.Ne2 Ne6 36.Nc3 Re7 37.Rf2 Rb7 38.Na2 a5 39.b4 Ra7 40.Rc2 axb4 41.
axb4 Ra3+ 42.Nc3 Rb3 43.Ra2 Rxb4 44.Ra7 Rxd4+ 45.Ke3 Rc4 0-1

[Event "XIII C.to Italiano U20"]
[Site "Bratto - Castione della Presolana ITA"]
[Date "2005.08.21"]
[Round "2"]
[White "Pomaro, Alberto"]
[Black "Chinello, Gianmarco"]
[Result "1/2-1/2"]
[WhiteElo "1943"]
[BlackElo "2070"]
[PlyCount "78"]
[EventDate "2005.08.20"]

1.d4 d5 2.c4 c6 3.Nc3 e6 4.cxd5 exd5 5.Nf3 Nf6 6.Bf4 Bd6 7.Bxd6 Qxd6 8.e3 
Bf5 9.Bd3 Bxd3 10.Qxd3 Nbd7 11.O-O O-O 12.Rab1 Rfe8 13.b4 a6 14.Na4 a5 15.
b5 Ne4 16.bxc6 bxc6 17.Nb6 Nxb6 18.Rxb6 Reb8 19.Rfb1 f6 20.Qb3 Rxb6 21.
Qxb6 Nc3 22.Qb7 Rd8 23.Rb3 Nxa2 24.Qa7 Nc1 25.Rb7 Qf8 26.Qxa5 Ra8 27.Ra7 
Rxa7 28.Qxa7 Ne2+ 29.Kf1 Nc3 30.Qd7 Qa8 31.g3 Ne4 32.h4 g6 33.Qe6+ Kf8 34.
g4 Qa2 35.Qc8+ Kg7 36.Qc7+ Kh6 37.Qf4+ Kg7 38.Qc7+ Kh6 39.Qf4+ Kg7 1/2-1/2

[Event "XIII C.to Italiano U20"]
[Site "Bratto - Castione della Presolana ITA"]
[Date "2005.08.21"]
[Round "2"]
[White "Pulcini, Giorgio"]
[Black "Navarro, Tommaso"]
[Result "0-1"]
[WhiteElo "1614"]
[BlackElo "1805"]
[PlyCount "94"]
[EventDate "2005.08.20"]

1.e4 e5 2.Nf3 Nc6 3.Bc4 Nf6 4.O-O Bc5 5.Bd5 d6 6.Nc3 Bg4 7.Bxc6+ bxc6 8.
Na4 Nd7 9.h3 Bh5 10.g4 Bg6 11.Nxc5 Nxc5 12.d3 h5 13.g5 h4 14.Nh2 Ne6 15.
Qg4 d5 16.Nf3 Qd6 17.Nxh4 Bh5 18.Qg3 g6 19.Be3 Nf4 20.Qh2 Be2 21.Bxf4 exf4
22.Ng2 Bxf1 23.Rxf1 dxe4 24.Re1 O-O-O 25.Rxe4 f3 26.Ne1 Rde8 27.Rxe8+ Rxe8
28.Qxd6 Rxe1+ 29.Kh2 cxd6 30.Kg3 Re2 31.Kxf3 Rxc2 32.b4 Rxa2 33.b5 cxb5 
34.Ke4 Rxf2 35.Kd5 Rf3 36.Kxd6 Rxd3+ 37.Kc5 Rxh3 38.Kxb5 a5 39.Kxa5 Rb3 
40.Ka6 Kc7 41.Ka5 Kc6 42.Ka4 Rb8 43.Ka5 Kc5 44.Ka6 Rb1 45.Ka7 Kc6 46.Ka8 
Kc7 47.Ka7 Ra1# 0-1

[Event "XIII C.to Italiano U20"]
[Site "Bratto - Castione della Presolana ITA"]
[Date "2005.08.21"]
[Round "2"]
[White "Pulito, Alberto"]
[Black "Rostolis, Riccardo"]
[Result "1-0"]
[WhiteElo "2212"]
[BlackElo "1966"]
[PlyCount "65"]
[EventDate "2005.08.20"]

1.e4 d5 2.exd5 Nf6 3.Bb5+ Bd7 4.Bc4 Bg4 5.f3 Bf5 6.Nc3 Nbd7 7.Nge2 Nb6 8.
Bb3 Nbxd5 9.Nxd5 Nxd5 10.d4 e6 11.O-O Bd6 12.a3 c6 13.c4 Ne7 14.Be3 O-O 
15.Nc3 Qc7 16.f4 Rad8 17.Qe2 Qd7 18.Rad1 Rfe8 19.Qf3 Qc8 20.Kh1 Bg6 21.Bf2
Bc7 22.Ne4 Nf5 23.Bc2 Nd6 24.b3 Bxe4 25.Bxe4 Nxe4 26.Qxe4 Qb8 27.Be3 Rd7 
28.a4 Red8 29.f5 e5 30.f6 g6 31.Qh4 Bd6 32.Bh6 exd4 33.Rf3 1-0

[Event "XIII C.to Italiano U20"]
[Site "Bratto - Castione della Presolana ITA"]
[Date "2005.08.21"]
[Round "2"]
[White "Ravagnati, Marco"]
[Black "Mora, Lorenzo"]
[Result "1-0"]
[WhiteElo "1658"]
[BlackElo "1820"]
[PlyCount "47"]
[EventDate "2005.08.20"]

1.e4 e5 2.Nf3 Nc6 3.Bc4 Bc5 4.c3 Nf6 5.d3 d6 6.Bg5 Bg4 7.Nbd2 Qe7 8.Qb3 
Nd8 9.a4 h6 10.Bxf6 Qxf6 11.O-O a5 12.d4 Bb6 13.Qb5+ Bd7 14.dxe5 Qf4 15.
Qb3 dxe5 16.Bd5 Nc6 17.Nc4 Ra6 18.Rad1 O-O 19.Bxf7+ Rxf7 20.Rxd7 Rxd7 21.
Ncxe5+ Kh7 22.Nxd7 Qxe4 23.Qf7 Kh8 24.Re1 1-0

[Event "XIII C.to Italiano U20"]
[Site "Bratto - Castione della Presolana ITA"]
[Date "2005.08.21"]
[Round "2"]
[White "Reginato, Mauro"]
[Black "Andreoni, Giuseppe"]
[Result "1/2-1/2"]
[WhiteElo "1679"]
[BlackElo "1983"]
[PlyCount "47"]
[EventDate "2005.08.20"]

1.e4 c5 2.Nf3 Nc6 3.d4 cxd4 4.Nxd4 Nf6 5.Nc3 e5 6.Nf3 Bb4 7.Bg5 h6 8.Bd2 
d6 9.Bc4 O-O 10.Nd5 Bxd2+ 11.Nxd2 Be6 12.Nxf6+ Qxf6 13.O-O a6 14.c3 b5 15.
Bxe6 fxe6 16.a4 b4 17.Nc4 Rfd8 18.a5 bxc3 19.bxc3 Rab8 20.Qa4 Rb5 21.Rab1 
Rdb8 22.Nb6 Qd8 23.Rxb5 axb5 24.Qb3 1/2-1/2

[Event "XIII C.to Italiano U20"]
[Site "Bratto - Castione della Presolana ITA"]
[Date "2005.08.21"]
[Round "2"]
[White "Regorda, Massimiliano"]
[Black "Truzzi, Stefano"]
[Result "1-0"]
[WhiteElo "1802"]
[BlackElo "1518"]
[PlyCount "97"]
[EventDate "2005.08.20"]

1.e4 d6 2.d4 Nf6 3.Nc3 c6 4.Be3 Nbd7 5.Qd2 Qc7 6.f3 e5 7.Bc4 b5 8.Bb3 a5 
9.d5 b4 10.dxc6 bxc3 11.cxd7+ Bxd7 12.Qxc3 Qxc3+ 13.bxc3 Be7 14.a4 O-O 15.
Ne2 Bc6 16.c4 Nd7 17.Nc3 Nc5 18.O-O Rfc8 19.Rfd1 Rab8 20.Nb5 Bxb5 21.axb5 
Ra8 22.Bxc5 Rxc5 23.Rd5 Rcc8 24.b6 Rab8 25.Raxa5 Rxb6 26.Rdb5 Rbc6 27.Ra7 
Kf8 28.Rbb7 Bf6 29.Rxf7+ Kg8 30.c5 Kh8 31.g4 h6 32.h4 Rg8 33.Rad7 Rgc8 34.
cxd6 Rb6 35.Kg2 Rcc6 36.g5 hxg5 37.hxg5 Rxd6 38.Rxd6 Rxd6 39.gxf6 Rxf6 40.
Re7 Kh7 41.Rxe5 Kh6 42.Bd5 g5 43.c4 Ra6 44.Re6+ Rxe6 45.Bxe6 Kg6 46.c5 Kf6
47.Bd5 Ke7 48.Kg3 Kd7 49.Kg4 1-0

[Event "XIII C.to Italiano U20"]
[Site "Bratto - Castione della Presolana ITA"]
[Date "2005.08.21"]
[Round "2"]
[White "Salafia, Andrea"]
[Black "Cappai, Davide"]
[Result "0-1"]
[WhiteElo "1724"]
[BlackElo "2115"]
[PlyCount "58"]
[EventDate "2005.08.20"]

1.d4 d5 2.Nf3 Nf6 3.Bf4 c5 4.c3 Nc6 5.e3 Qb6 6.Qc2 Bf5 7.dxc5 Bxc2 8.cxb6 
axb6 9.Na3 Rxa3 10.bxa3 e6 11.Bb5 Bxa3 12.Nd4 Bg6 13.Nxc6 bxc6 14.Bxc6+ 
Ke7 15.Be5 Rc8 16.Ba4 Bb2 17.Rd1 Ne4 18.O-O Bxc3 19.Rc1 Rc4 20.Bb3 Bxe5 
21.Bxc4 dxc4 22.Rxc4 Nd2 23.Rfc1 Nxc4 24.Rxc4 Bd3 25.Rb4 b5 26.a4 Bc3 27.
Rb3 b4 28.a5 Kd7 29.f3 Bc2 0-1

[Event "XIII C.to Italiano U20"]
[Site "Bratto - Castione della Presolana ITA"]
[Date "2005.08.21"]
[Round "2"]
[White "Stips, Felix"]
[Black "Rombaldoni, Axel"]
[Result "0-1"]
[WhiteElo "1650"]
[BlackElo "2137"]
[PlyCount "82"]
[EventDate "2005.08.20"]

1.e4 c5 2.Nf3 Nc6 3.d4 cxd4 4.Nxd4 Nf6 5.Nc3 d6 6.Bg5 e6 7.f4 Be7 8.Nb3 a6
9.g4 h5 10.Bxf6 Bxf6 11.g5 Bxc3+ 12.bxc3 b5 13.Be2 g6 14.Qd2 Bb7 15.c4 
bxc4 16.Bxc4 Ne7 17.O-O-O Rc8 18.Bd3 d5 19.Na5 Qb6 20.Nxb7 Qxb7 21.exd5 
Nxd5 22.Be4 O-O 23.Bxd5 exd5 24.c3 Qb4 25.Kc2 Qa4+ 26.Kb1 Rc5 27.Rhe1 Qa3 
28.Ka1 Rfc8 29.Qb2 Qxc3 30.Qxc3 Rxc3 31.Re2 Rc2 32.Red2 Rxd2 33.Rxd2 Rc1+ 
34.Kb2 Rf1 35.Rxd5 Rxf4 36.Ra5 Rf2+ 37.Kb3 Rxh2 38.Rxa6 Rg2 39.a4 h4 40.
Rf6 Rxg5 41.Kb4 Kg7 0-1

[Event "XIII C.to Italiano U20"]
[Site "Bratto - Castione della Presolana ITA"]
[Date "2005.08.21"]
[Round "2"]
[White "Tomba, Ivan"]
[Black "Boscolo, Marco"]
[Result "1-0"]
[WhiteElo "2232"]
[BlackElo "2006"]
[PlyCount "69"]
[EventDate "2005.08.20"]

1.e4 e6 2.d4 d5 3.e5 c5 4.c3 Nc6 5.Nf3 Bd7 6.a3 f6 7.exf6 Nxf6 8.Bd3 Bd6 
9.Bg5 O-O 10.O-O Qc7 11.Nbd2 Rae8 12.dxc5 Bxc5 13.c4 Ne5 14.Nxe5 Qxe5 15.
Nf3 Qxb2 16.Rb1 Qxa3 17.Bxf6 Rxf6 18.Ne5 Bc8 19.Bxh7+ Kf8 20.Bg6 Rd8 21.
Qh5 Ke7 22.Qh7 Rdf8 23.Qxg7+ Kd6 24.Nf7+ R8xf7 25.Bxf7 Rf5 26.Bg6 Rxf2 27.
Rxf2 Bxf2+ 28.Kxf2 Qc5+ 29.Kf3 Qa3+ 30.Ke2 Qa2+ 31.Rb2 Qa6 32.Bd3 dxc4 33.
Qd4+ Ke7 34.Qxc4 Qd6 35.Qb4 1-0

[Event "XIII C.to Italiano U20"]
[Site "Bratto - Castione della Presolana ITA"]
[Date "2005.08.21"]
[Round "2"]
[White "Zermian, Federico"]
[Black "Finocchiaro, Gianluca"]
[Result "1/2-1/2"]
[WhiteElo "1500"]
[BlackElo "1730"]
[PlyCount "31"]
[EventDate "2005.08.20"]

1.e4 d6 2.Nf3 Nf6 3.Nc3 c6 4.d4 Bg4 5.h3 Bxf3 6.Qxf3 e5 7.dxe5 dxe5 8.Bg5 
Be7 9.Bxf6 Bxf6 10.Bd3 Qb6 11.O-O-O Nd7 12.Bc4 O-O-O 13.Bxf7 Rhf8 14.Qh5 
Kb8 15.Rhf1 Be7 16.Bb3 1/2-1/2

[Event "XIII C.to Italiano U20"]
[Site "Bratto - Castione della Presolana ITA"]
[Date "2005.08.22"]
[Round "3"]
[White "Amato, Andrea"]
[Black "Lapenna, Antonio"]
[Result "1-0"]
[WhiteElo "2286"]
[BlackElo "2056"]
[PlyCount "83"]
[EventDate "2005.08.20"]

1.e4 c5 2.c3 d5 3.exd5 Qxd5 4.d4 Nf6 5.Nf3 Bg4 6.Be2 e6 7.Na3 a6 8.Nc2 
cxd4 9.Ncxd4 Be7 10.O-O O-O 11.h3 Bh5 12.c4 Qa5 13.Qc2 Bg6 14.Bd3 Bxd3 15.
Qxd3 Nbd7 16.Qe2 h6 17.Bd2 Qc7 18.b4 Rac8 19.Rac1 Rfd8 20.c5 Ne5 21.Bc3 
Ng6 22.g3 Nd5 23.Bd2 Bf6 24.Qe4 Ne5 25.Rfe1 Nxf3+ 26.Nxf3 Ne7 27.Bf4 Qc6 
28.Be5 Bxe5 29.Nxe5 Qxe4 30.Rxe4 Rd2 31.a3 Rcd8 32.Nc4 Rd1+ 33.Rxd1 Rxd1+ 
34.Kg2 Rd3 35.a4 Nf5 36.Na5 Rd7 37.b5 axb5 38.axb5 Rc7 39.Rc4 Kf8 40.b6 
Rd7 41.c6 bxc6 42.b7 1-0

[Event "XIII C.to Italiano U20"]
[Site "Bratto - Castione della Presolana ITA"]
[Date "2005.08.22"]
[Round "3"]
[White "Andreoni, Giuseppe"]
[Black "Regorda, Massimiliano"]
[Result "0-1"]
[WhiteElo "1983"]
[BlackElo "1802"]
[PlyCount "66"]
[EventDate "2005.08.20"]

1.e4 e5 2.Nf3 Nc6 3.Bb5 g6 4.c3 Bg7 5.d4 exd4 6.cxd4 a6 7.Ba4 Nge7 8.O-O 
O-O 9.Nc3 d6 10.h3 b5 11.Bb3 Bb7 12.Bf4 Na5 13.Bc2 Rc8 14.Qc1 Nec6 15.Bh6 
Re8 16.Bxg7 Kxg7 17.Qf4 Nb4 18.Bb1 Qf6 19.Qg4 h5 20.Qg3 Nc4 21.a3 Nc6 22.
Nd5 Qd8 23.Nh4 Nxd4 24.Qc3 c5 25.Nf3 Bxd5 26.Nxd4 cxd4 27.Qxd4+ Qf6 28.
Qxf6+ Kxf6 29.exd5 Nxb2 30.Ra2 Nc4 31.a4 Rc5 32.axb5 axb5 33.Rd1 Re5 0-1

[Event "XIII C.to Italiano U20"]
[Site "Bratto - Castione della Presolana ITA"]
[Date "2005.08.22"]
[Round "3"]
[White "Battistelli, Alessandro"]
[Black "Stips, Felix"]
[Result "0-1"]
[WhiteElo "1655"]
[BlackElo "1650"]
[PlyCount "74"]
[EventDate "2005.08.20"]

1.d4 Nf6 2.c4 g6 3.Nc3 Bg7 4.Nf3 O-O 5.e4 d6 6.Bg5 c6 7.Qd2 a6 8.Be2 b5 9.
cxb5 axb5 10.Qc2 Qa5 11.O-O b4 12.Nd1 b3 13.Qxb3 Nxe4 14.Be3 c5 15.Nc3 
Nxc3 16.Qxc3 Nd7 17.Qxa5 Rxa5 18.Bd2 Ra7 19.Bc3 Ba6 20.Rfe1 Re8 21.a3 Kf8 
22.Rad1 Rc8 23.Bxa6 Rxa6 24.Re2 Ra7 25.Rde1 Nb8 26.Re4 Nc6 27.Rf4 h6 28.
Rfe4 Rcc7 29.g4 d5 30.Rf4 g5 31.Rf5 cxd4 32.b4 dxc3 33.b5 Nd4 34.Nxd4 Bxd4
35.Rxd5 e5 36.a4 c2 37.Rxd4 exd4 0-1

[Event "XIII C.to Italiano U20"]
[Site "Bratto - Castione della Presolana ITA"]
[Date "2005.08.22"]
[Round "3"]
[White "Boscolo, Marco"]
[Black "Borsato, Federico"]
[Result "1-0"]
[WhiteElo "2006"]
[BlackElo "1811"]
[PlyCount "57"]
[EventDate "2005.08.20"]

1.e4 c5 2.Nf3 Nc6 3.d4 cxd4 4.Nxd4 e5 5.Nb5 d6 6.N1c3 a6 7.Na3 Nf6 8.Bg5 
Be7 9.Bxf6 Bxf6 10.Nd5 b5 11.g3 Bb7 12.c3 Rc8 13.Bg2 Na5 14.Nxf6+ Qxf6 15.
O-O O-O 16.Qe2 Nc4 17.Nxc4 Rxc4 18.Rad1 Qe7 19.Rd2 Rcc8 20.Rfd1 Rfd8 21.
Qe3 Qc7 22.Bh3 Rb8 23.b3 Qc6 24.Bg2 f5 25.f4 fxe4 26.fxe5 d5 27.Bxe4 Qe6 
28.c4 Qxe5 29.Bxh7+ 1-0

[Event "XIII C.to Italiano U20"]
[Site "Bratto - Castione della Presolana ITA"]
[Date "2005.08.22"]
[Round "3"]
[White "Buono, Valerio"]
[Black "Braschi, Giancarlo"]
[Result "1/2-1/2"]
[WhiteElo "1977"]
[BlackElo "2201"]
[PlyCount "64"]
[EventDate "2005.08.20"]

1.e4 c5 2.Nf3 Nc6 3.d4 cxd4 4.Nxd4 Nf6 5.Nc3 e5 6.Ndb5 d6 7.Bg5 a6 8.Na3 
b5 9.Nd5 Qa5+ 10.Qd2 Qxd2+ 11.Bxd2 Nxd5 12.exd5 Ne7 13.c4 bxc4 14.Bxc4 Bb7
15.O-O Nxd5 16.Rfd1 Rb8 17.Ba5 Nf4 18.Bc7 Ra8 19.Bxd6 Bxd6 20.Rxd6 Nxg2 
21.Bd5 Bxd5 22.Rxd5 Nf4 23.Rxe5+ Ne6 24.Rd1 Ke7 25.Red5 g5 26.Nc4 Rab8 27.
b3 Rb5 28.Rd7+ Kf6 29.Ra7 Rd8 30.Rxd8 Nxd8 31.Rxa6+ Ne6 32.Ra5 Rb7 1/2-1/2

[Event "XIII C.to Italiano U20"]
[Site "Bratto - Castione della Presolana ITA"]
[Date "2005.08.22"]
[Round "3"]
[White "Cappai, Davide"]
[Black "Bevilacqua, Andrea"]
[Result "1/2-1/2"]
[WhiteElo "2115"]
[BlackElo "1978"]
[PlyCount "91"]
[EventDate "2005.08.20"]

1.e4 e5 2.Nf3 Nc6 3.Bc4 Nf6 4.Ng5 d5 5.exd5 Na5 6.d3 h6 7.Nf3 e4 8.dxe4 
Nxc4 9.Qd4 Nd6 10.e5 Nf5 11.Qa4+ Bd7 12.Qb3 Bc5 13.O-O O-O 14.exf6 Qxf6 
15.Nc3 Rfe8 16.Qc4 Bb6 17.Bd2 g5 18.Ne4 Qg6 19.Bc3 Nd6 20.Nxd6 cxd6 21.
Rfe1 Qxc2 22.Nd4 Qg6 23.a4 Rxe1+ 24.Rxe1 Re8 25.Rxe8+ Bxe8 26.h3 Qe4 27.a5
Bxd4 28.Bxd4 a6 29.Qc3 Qf5 30.Bh8 f6 31.Bxf6 Qxd5 32.Qc7 Qf7 33.Qxd6 Kh7 
34.Bc3 Bc6 35.Qe5 Kg6 36.h4 gxh4 37.Qd4 Qd5 38.Qg7+ Kh5 39.f3 Qc5+ 40.Kh1 
Qf5 41.Be5 Qe6 42.Bf4 h3 43.g4+ Kh4 44.Qc3 h5 45.Qd2 Bxf3+ 46.Kh2 1/2-1/2

[Event "XIII C.to Italiano U20"]
[Site "Bratto - Castione della Presolana ITA"]
[Date "2005.08.22"]
[Round "3"]
[White "Castellano, Fabio Marco"]
[Black "Brunello, Sabino"]
[Result "0-1"]
[WhiteElo "1893"]
[BlackElo "2373"]
[PlyCount "78"]
[EventDate "2005.08.20"]

1.e4 e5 2.Nf3 Nc6 3.d4 exd4 4.Nxd4 Bc5 5.Be3 Qf6 6.c3 Nge7 7.Bc4 Ne5 8.Be2
Qg6 9.O-O d6 10.Kh1 Qxe4 11.Nd2 Qg6 12.Bh5 Bg4 13.Bxg6 Bxd1 14.Bxf7+ Kxf7 
15.Raxd1 a6 16.Ne4 Bb6 17.Nf3 Nc4 18.Bxb6 Nxb6 19.Rfe1 Rhe8 20.Neg5+ Kg8 
21.Ne6 Rac8 22.Nfd4 h6 23.f4 Kf7 24.g4 g6 25.f5 gxf5 26.Nxf5 Nxf5 27.gxf5 
Nc4 28.b3 Ne5 29.Rg1 Kf6 30.Rg3 Re7 31.Rf1 Rf7 32.Kg2 Ke7 33.Nf4 Kd7 34.
Ng6 Nc6 35.Rh3 Rg8 36.Rxh6 Ne7 37.Rh8 Rgg7 38.Rh3 Nxf5 39.Rxf5 Rxg6+ 0-1

[Event "XIII C.to Italiano U20"]
[Site "Bratto - Castione della Presolana ITA"]
[Date "2005.08.22"]
[Round "3"]
[White "Chinello, Gianmarco"]
[Black "Laurenti, Stefano"]
[Result "1-0"]
[WhiteElo "2070"]
[BlackElo "1937"]
[PlyCount "111"]
[EventDate "2005.08.20"]

1.e4 d6 2.d4 Nf6 3.Nc3 c6 4.Bd3 e5 5.Nge2 Qb6 6.d5 Be7 7.Rb1 h5 8.Be3 Qc7 
9.h3 h4 10.b4 Nbd7 11.dxc6 bxc6 12.b5 c5 13.Nd5 Nxd5 14.exd5 c4 15.Bf5 g6 
16.Bxd7+ Qxd7 17.Nc3 f5 18.f4 Bb7 19.Qe2 Kf7 20.fxe5 dxe5 21.Qxc4 Rac8 22.
Qb3 Qd6 23.b6 a6 24.O-O Kg7 25.Rfd1 f4 26.Ne4 Qd7 27.Bf2 Qf5 28.Qd3 g5 29.
c4 g4 30.Nc5 Qxd3 31.Nxd3 g3 32.Be1 Rxc4 33.Nxe5 Bc5+ 34.Kf1 Rc2 35.Rbc1 
Rxc1 36.Rxc1 Bxb6 37.Rb1 Bxd5 38.Rxb6 Re8 39.Bc3 Rc8 40.Bb2 Kf8 41.Ng6+ 
Ke8 42.Nxf4 Bxa2 43.Ke2 Rc4 44.Kf3 Bb1 45.Bf6 Be4+ 46.Ke3 Bf5 47.Bxh4 a5 
48.Rb5 Bxh3 49.gxh3 g2 50.Rg5 Rc3+ 51.Nd3 Rc2 52.Bf2 a4 53.Rxg2 a3 54.Rg8+
Kf7 55.Ra8 a2 56.h4 1-0

[Event "XIII C.to Italiano U20"]
[Site "Bratto - Castione della Presolana ITA"]
[Date "2005.08.22"]
[Round "3"]
[White "Cocuzzi, Edoardo"]
[Black "Pulcini, Giorgio"]
[Result "1-0"]
[WhiteElo "1689"]
[BlackElo "1614"]
[PlyCount "103"]
[EventDate "2005.08.20"]

1.e4 e5 2.Bc4 Nf6 3.d3 Bc5 4.Nf3 d6 5.h3 Qe7 6.Nc3 Be6 7.Bxe6 Qxe6 8.Bg5 
h6 9.Bxf6 gxf6 10.Nd5 Na6 11.Nh2 O-O-O 12.Qf3 Nb4 13.Nxb4 Bxb4+ 14.c3 Ba5 
15.Ng4 d5 16.Qxf6 Qxf6 17.Nxf6 dxe4 18.dxe4 c6 19.Ng4 Bc7 20.Ke2 h5 21.Ne3
Rd7 22.Rad1 Rhd8 23.Rxd7 Rxd7 24.Rd1 Rxd1 25.Kxd1 Bb6 26.Ke2 Kd7 27.Nf5 a5
28.Ng3 h4 29.Nf5 Bd8 30.Kf3 b5 31.Kg4 c5 32.Nxh4 c4 33.a3 Be7 34.Nf3 f6 
35.Kf5 Kd6 36.h4 Kc5 37.h5 Bf8 38.Kxf6 Bh6 39.Kg6 Bc1 40.h6 Bxh6 41.Kxh6 
b4 42.a4 Kd6 43.g4 Ke6 44.g5 Kf7 45.Kh7 bxc3 46.bxc3 Ke6 47.g6 Kd6 48.g7 
Kc6 49.Nxe5+ Kd6 50.g8=Q Kxe5 51.Qd5+ Kf4 52.Qf5# 1-0

[Event "XIII C.to Italiano U20"]
[Site "Bratto - Castione della Presolana ITA"]
[Date "2005.08.22"]
[Round "3"]
[White "Corsino, Gianluca"]
[Black "Lai, Luca"]
[Result "1-0"]
[WhiteElo "2053"]
[BlackElo "1871"]
[PlyCount "39"]
[EventDate "2005.08.20"]

1.d4 d5 2.e3 Nc6 3.c4 e5 4.dxe5 Nxe5 5.cxd5 Bd6 6.Nc3 Bg4 7.Be2 h5 8.h3 
Bf5 9.e4 Bg6 10.Be3 Nf6 11.Nf3 Nxe4 12.Nxe4 Bxe4 13.Qa4+ c6 14.Qxe4 cxd5 
15.Qa4+ Nc6 16.Bb5 O-O 17.O-O Ne7 18.Bd3 f6 19.Nd4 Qc7 20.Ne6 1-0

[Event "XIII C.to Italiano U20"]
[Site "Bratto - Castione della Presolana ITA"]
[Date "2005.08.22"]
[Round "3"]
[White "Cozzarin, Davide"]
[Black "Nizzardo, Mattia"]
[Result "1-0"]
[WhiteElo "1646"]
[BlackElo "1718"]
[PlyCount "165"]
[EventDate "2005.08.20"]

1.c4 e5 2.Nc3 d6 3.g3 Be7 4.Bg2 Nc6 5.e3 f5 6.Nge2 Nf6 7.O-O O-O 8.d4 Qe8 
9.b3 a6 10.Bb2 Nh5 11.Nd5 Bd8 12.Rc1 e4 13.a3 Ne7 14.Nec3 Nxd5 15.Nxd5 Be6
16.Nc3 Nf6 17.Qd2 d5 18.cxd5 Nxd5 19.Nxd5 Bxd5 20.b4 Qb5 21.Rfe1 c6 22.Bf1
Qb6 23.Bc4 Bxc4 24.Rxc4 Be7 25.Qc2 a5 26.Bc3 Qb5 27.Qa2 Qd5 28.bxa5 b5 29.
axb6 Rxa3 30.Qe2 Qb5 31.Rc1 Rfa8 32.Be1 Ra2 33.Qf1 Rc8 34.Rxc6 Qxf1+ 35.
Kxf1 Rxc6 36.Rxc6 Rb2 37.Ba5 Rb5 38.d5 Kf7 39.d6 Bd8 40.Rc7+ Ke6 41.b7 
Kxd6 42.Rc8 Bxa5 43.b8=Q+ Rxb8 44.Rxb8 Ke6 45.Ke2 Bc3 46.Rb5 Be5 47.h3 h5 
48.Rb6+ Kf7 49.Kd2 Ba1 50.Kc2 Bf6 51.Kd1 h4 52.g4 fxg4 53.hxg4 h3 54.Ke2 
h2 55.Rb1 Kg6 56.f4 exf3+ 57.Kxf3 Kg5 58.Rb5+ Kg6 59.Rh5 Be5 60.Kg2 Bb8 
61.Rf5 Kh6 62.Rh5+ Kg6 63.Rxh2 Kg5 64.Rh8 Be5 65.Kf3 Bf6 66.Rc8 Kg6 67.Rc5
Kf7 68.Rf5 Ke6 69.Rxf6+ gxf6 70.Ke4 Ke7 71.Kf5 Kf7 72.e4 Ke7 73.e5 fxe5 
74.Kxe5 Kf7 75.Kf5 Kg7 76.Kg5 Kh7 77.Kf6 Kg8 78.Kg6 Kh8 79.Kf6 Kg8 80.g5 
Kf8 81.g6 Kg8 82.g7 Kh7 83.Kf7 1-0

[Event "XIII C.to Italiano U20"]
[Site "Bratto - Castione della Presolana ITA"]
[Date "2005.08.22"]
[Round "3"]
[White "Damia, Angelo"]
[Black "Tomba, Ivan"]
[Result "0-1"]
[WhiteElo "2155"]
[BlackElo "2232"]
[PlyCount "72"]
[EventDate "2005.08.20"]

1.e4 c5 2.Nf3 d6 3.Bb5+ Nd7 4.c4 Nf6 5.Nc3 e6 6.O-O Be7 7.d4 cxd4 8.Nxd4 
O-O 9.Bxd7 Qxd7 10.Be3 b6 11.f3 Bb7 12.Qe2 Rac8 13.Rfd1 Qc7 14.Ndb5 Qb8 
15.g4 a6 16.Nd4 Rfe8 17.Rac1 d5 18.cxd5 exd5 19.exd5 Rxc3 20.bxc3 Nxd5 21.
Qf2 Nxe3 22.Qxe3 Ba3 23.Qg5 Bxc1 24.Rxc1 h6 25.Qd2 Qe5 26.Rc2 Rc8 27.Kg2 
Rc4 28.h3 b5 29.Qe2 Qc7 30.Qd2 Qe5 31.Qe2 Qxe2+ 32.Nxe2 Bd5 33.Kf2 Ra4 34.
Nc1 Rf4 35.Ke3 Rxf3+ 36.Kd4 Bc4 0-1

[Event "XIII C.to Italiano U20"]
[Site "Bratto - Castione della Presolana ITA"]
[Date "2005.08.22"]
[Round "3"]
[White "Drezzadore, Dario"]
[Black "Bellemo, Davide"]
[Result "0-1"]
[WhiteElo "2019"]
[BlackElo "1847"]
[PlyCount "74"]
[EventDate "2005.08.20"]

1.e4 e5 2.Nf3 Nc6 3.Bc4 Bc5 4.O-O Nf6 5.d3 h6 6.c3 d6 7.h3 O-O 8.Be3 Bb6 
9.a4 Be6 10.Nbd2 Qe7 11.Qe2 Rfe8 12.Bxe6 Qxe6 13.Nh4 Rad8 14.Nf5 d5 15.g4 
d4 16.cxd4 Bxd4 17.Nc4 Rd7 18.Kg2 Bxe3 19.fxe3 Red8 20.Ra3 Nb4 21.d4 exd4 
22.exd4 Qxe4+ 23.Qxe4 Nxe4 24.Ne5 Nc2 25.Nxd7 Nxa3 26.Ne5 Nc2 27.Rc1 Nxd4 
28.Rd1 Ne6 29.Re1 Rd2+ 30.Kf3 N4g5+ 31.Ke3 Rxb2 32.h4 Rb3+ 33.Ke2 Ne4 34.
Kd1 Rb1+ 35.Ke2 Rb4 36.Kf3 Nd6 37.Ne7+ Kh7 0-1